Harry Potter Wizarding Families Quiz Stats

 Plays Quiz Updated Aug 22, 2012

     
Support Sporcle.
Go Orange.
Score 0/37 Timer 08:00
2 Plays Today
Family (surname) Name (first/middle) % Correct
WeasleyRonald Bilius
98.5%
WeasleyGinevra Molly
96.3%
WeasleyFred
95.4%
WeasleyGeorge
95.3%
PotterHarry
95.2%
DumbledoreAlbus Percival Wulfric Brian
95.2%
BlackSirius
94.4%
MalfoyDraco
92.5%
LongbottomNeville
92.3%
WeasleyMolly
92.1%
PotterJames
91.9%
PotterLily Evans
91.1%
WeasleyWilliam Arthur
90.8%
DiggoryCedric
90.6%
WeasleyPercy Ignatius
90.3%
WeasleyArthur
87.1%
WeasleyCharlie
86.6%
MalfoyLucius
84.6%
MalfoyNarcissa
75.1%
Family (surname) Name (first/middle) % Correct
DumbledoreAberforth
66.8%
BlackRegulus Arcturus
63.6%
DiggoryAmos
55%
DumbledoreAriana
54.9%
GauntMarvolo
54.8%
LongbottomAlice
48.8%
LongbottomFrank
47%
DumbledoreKendra
42%
GauntMerope
41.6%
LongbottomAugusta
38.2%
PeverellIgnotus
34.8%
GauntMorfin
31.7%
DumbledorePercival
28.9%
PeverellCadmus
17.2%
PeverellAntioch
14.4%
BlackPhineas Nigellus
13.7%
MalfoyAbraxas
12.4%
BlackArcturus
9.3%

From the Vault

Click Johnny Depp

by jakethegoldfish

Movies 5m
It's alright, you can click him. He won't mind. Just don't take his jar of dirt.
Remove Ads.
Support Sporcle.
Get the best of Sporcle when you Go Orange. This ad-free experience offers more features, more stats, and more fun while also helping to support Sporcle. Thank you for becoming a member.

Show Comments

Extras

Top Quizzes Today


Score Distribution

Your Account Isn't Verified!

In order to create a playlist on Sporcle, you need to verify the email address you used during registration. Go to your Sporcle Settings to finish the process.

Report this User

Report this user for behavior that violates our Community Guidelines.

Details: